000 01376nam a2200313 u 4500
005 20230102221051.0
008 191202s2017 mx r 000 0 spa d
020 _a9786078320783
035 _aUPN01000234507
040 _aMX-MxUPN
_bspa
_cMX-MxUPN
050 _aKGF1798
_bI54 2017
245 1 0 _aInformalidad :
_bimplicaciones legislativas y políticas públicas para reducirla /
_cJesuswaldo Martínez Soria, coordinador ; Clemente Ruiz Durán, Santos M. Ruesga Benito, Maritza Rosales Reyes, Sandrine Cazes, Paolo Falco.
250 _aPrimera edición
260 _aMéxico, D.F. :
_bSenado de la República, LXIII Legislatura, Instituto Belisario Domínguez,
_c2017.
300 _a278 páginas :
_bilustraciones, gráficas, tablas
650 0 _945084
_aEconomía informal
_xLeyes y legislación
_zMéxico
650 0 _aAutoempleo
_xSituación legal, leyes, etc.
_zMéxico
_945086
650 0 _945087
_aEconomía informal
_xPolítica gubernamental
_zMéxico
650 0 _945088
_aAutoempleo
_zMéxico
700 1 _aMartínez Soria, Jesuswaldo
_945090
700 1 _aRuiz Durán, Clemente,
_d1948-
_eautor
_939395
700 1 _aRuesga Benito, Santos,
_d1953-
_945091
700 1 _aRosales Reyes, Maritza
_eautor
_945092
700 1 _aFalco, Paolo,
_d1985-
_945094
700 1 _aCazes, Sandrine
_945093
905 _aLibro
942 _n0
_2lcc
_cLIBRO
999 _c206602
_d206602